| 000 | 01487nam a2200361Ia 4500 | ||
|---|---|---|---|
| 001 | ebr10141233 | ||
| 003 | CaPaEBR | ||
| 006 | m u | ||
| 007 | cr cn||||||||| | ||
| 008 | 040708s2004 enk sb 001 0 eng d | ||
| 020 | _z1552500047 (electronic bk.) | ||
| 020 | _z1842771922 | ||
| 020 | _z1842771930 | ||
| 040 |
_aCaPaEBR _cCaPaEBR |
||
| 035 | _a(OCoLC)560195589 | ||
| 050 | 1 | 4 |
_aGN380 _b.I48 2004eb |
| 082 | 0 | 4 |
_a305.8 _222 |
| 245 | 0 | 0 |
_aIn the way _h[electronic resource] : _bindigenous peoples, life projects, and development / _cedited by Mario Blaser, Harvey A. Feit, and Glenn McRae. |
| 260 |
_aLondon ; _aNew York : _bZed Books in association with International Development Research Centre, Ottawa ; _aNew York : _bDistributed exclusively in the U.S. by Palgrave, _c2004. |
||
| 300 | _aix, 362 p. | ||
| 504 | _aIncludes bibliographical references and index. | ||
| 533 |
_aElectronic reproduction. _bPalo Alto, Calif. : _cebrary, _d2009. _nAvailable via World Wide Web. _nAccess may be limited to ebrary affiliated libraries. |
||
| 650 | 0 | _aIndigenous peoples. | |
| 650 | 0 | _aEconomic development. | |
| 650 | 0 | _aHuman rights. | |
| 650 | 0 | _aPostcolonialism. | |
| 655 | 7 |
_aElectronic books. _2local |
|
| 700 | 1 |
_aBlaser, Mario, _d1966- |
|
| 700 | 1 | _aFeit, Harvey A. | |
| 700 | 1 | _aMcRae, Glenn. | |
| 710 | 2 | _aebrary, Inc. | |
| 856 | 4 | 0 |
_uhttp://site.ebrary.com/lib/rucke/Doc?id=10141233 _zAn electronic book accessible through the World Wide Web; click to view |
| 999 |
_c84149 _d84149 |
||